000 01684nam a22004097a 4500
003 CHAP
005 20220817041246.0
008 971013s1974 ag r 00010 spa d
010 _a9758
011 _a10730
035 _a9968
040 _cCHAP
082 _a636.085
_bN38nY 1966 v.9
110 _aAcademia Nacional de Ciencias. Washington, D. C.
_9383
245 1 _aNecesidades nutritivas del conejo
260 _aBuenos Aires :
_bHemisferio Sur,
_c1974
300 _a17 p.
490 _aNecesidades nutritivas de los animales domésticos
500 _aTrad. de la ed. rev. de 1966 ?
590 _aBATCH-UPD
_b10
_c20130110
_lUCH01
_h0035
590 _aBATCH-UPD
_b10
_c20130110
_lUCH01
_h1546
590 _aBATCH-UPD
_b10
_c20130409
_lUCH01
_h2019
590 _aBATCH-UPD
_b10
_c20130410
_lUCH01
_h0945
590 _aBATCH-UPD
_b10
_c20130914
_lUCH01
_h1027
590 _aCONVERSION
_b10
_c20130109
_lUCH01
_h1306
650 1 4 _aConejos
_xNutrición.
_926372
650 1 4 _aNutrición animal.
830 0 _aNecesidades nutritivas de los animales domésticos
_980672
901 _aBK
942 _cLIBRO
949 _a636.085 N38ny 1966
_bBC
_cLIBRO
_d33724000252326
_eLIBRO
_fv.9
_h34578
_i9968
_si
949 _a636.085 N38ny 1966
_bBC
_cLIBRO
_d33724000252334
_eLIBRO
_fv.9 c.2
_h86238
_i9968
_si
949 _a636.085 N38ny 1966
_bBC
_cLIBRO
_d33724000252342
_eLIBRO
_fv.9 c.3
_h86239
_i9968
_si
949 _a636.085 N38ny 1966
_bBC
_cLIBRO
_d33724000252375
_eLIBRO
_fv.9 c.4
_h86240
_i9968
_si
949 _a636.085 N38ny 1966
_bBC
_cLIBRO
_d33724002312330
_eLIBRO
_fv.9 c.5
_gDonaciØn
_h115861
_i9968
_sb
949 _a636.085 N38ny 1966
_bBC
_cLIBRO
_d33724002312371
_eLIBRO
_fv.9 c.6
_gDonaciØn
_h115862
_i9968
_sb
999 _c9758
_d9758